<?xml version="1.0" encoding="UTF-8"?>
<record
    xmlns:xsi="http://www.w3.org/2001/XMLSchema-instance"
    xsi:schemaLocation="http://www.loc.gov/MARC21/slim http://www.loc.gov/standards/marcxml/schema/MARC21slim.xsd"
    xmlns="http://www.loc.gov/MARC21/slim">

  <leader>02035nam a22002897i 4500</leader>
  <controlfield tag="003">Do-SdINT</controlfield>
  <controlfield tag="005">20250520122913.0</controlfield>
  <controlfield tag="008">040225s2024    sp      s    |||| 0|spa d</controlfield>
  <datafield tag="040" ind1=" " ind2=" ">
    <subfield code="a">DO-SdINT</subfield>
    <subfield code="e">rda</subfield>
    <subfield code="b">spa</subfield>
    <subfield code="c">DO-SdINT</subfield>
  </datafield>
  <datafield tag="072" ind1=" " ind2=" ">
    <subfield code="a">CSH</subfield>
  </datafield>
  <datafield tag="100" ind1=" " ind2=" ">
    <subfield code="a">Fern&#xE1;ndez M&#xE1;rmol, Keiri </subfield>
    <subfield code="4">aut.</subfield>
    <subfield code="9">109471</subfield>
    <subfield code="e">autor</subfield>
  </datafield>
  <datafield tag="245" ind1="1" ind2="0">
    <subfield code="a">Docencia en la era de la inteligencia artificial :</subfield>
    <subfield code="b">enfoques pr&#xE1;cticos para docentes /</subfield>
    <subfield code="c">Keiri Fern&#xE1;ndez M&#xE1;rmol, coordinador ; V&#xED;ctor Abella Garc&#xED;a</subfield>
  </datafield>
  <datafield tag="264" ind1=" " ind2=" ">
    <subfield code="a">[Burgos] : </subfield>
    <subfield code="b">Universidad de Burgos,</subfield>
    <subfield code="c">2024</subfield>
  </datafield>
  <datafield tag="300" ind1=" " ind2=" ">
    <subfield code="a">1 recurso en l&#xED;nea (52 p&#xE1;ginas)</subfield>
  </datafield>
  <datafield tag="336" ind1=" " ind2=" ">
    <subfield code="a">texto</subfield>
    <subfield code="b">txt</subfield>
    <subfield code="2">rdacontent</subfield>
  </datafield>
  <datafield tag="337" ind1=" " ind2=" ">
    <subfield code="a">computadora</subfield>
    <subfield code="b">c</subfield>
    <subfield code="2">rdamedia</subfield>
  </datafield>
  <datafield tag="338" ind1=" " ind2=" ">
    <subfield code="a">recurso en l&#xED;nea</subfield>
    <subfield code="b">c</subfield>
    <subfield code="2">rdacarrier</subfield>
  </datafield>
  <datafield tag="347" ind1=" " ind2=" ">
    <subfield code="a">archivo de texto</subfield>
    <subfield code="b">PDF</subfield>
    <subfield code="2">rda</subfield>
  </datafield>
  <datafield tag="505" ind1=" " ind2=" ">
    <subfield code="a">Qu&#xE9; son las IA generativas 7 -- La Integraci&#xF3;n de la Inteligencia Artificial en la Educaci&#xF3;n 7 -- Justificaci&#xF3;n de la importancia del tema en el contexto educativo actual 8 -- La IA en contextos internacionales 9 -- Generaci&#xF3;n de Materiales para Asignaturas 12 -- Desarrollo de Habilidades con IA 18 -- Demostraci&#xF3;n de c&#xF3;mo programar aplicaciones web con Inteligencia Artificial 20 -- Retos y Consideraciones &#xC9;ticas 22 -- Generaci&#xF3;n de R&#xFA;bricas y Listas de Cotejo 26 -- Ejemplos de Prompts 29 -- Impacto en Tareas &#x201C;Cl&#xE1;sicas&#x201D; 33 -- Evaluar trabajos de investigaci&#xF3;n 34 -- Consejos para Estudiantes 37 -- Herramientas &#xFA;tiles para estudiantes 40 -- Enlaces a la lista de prompts educativos y a los v&#xED;deos de &#x201C;La evaluaci&#xF3;n en tiempos de IA&#x201D; 43 -- Libros relevantes sobre el tema 44 &#x2013;Conclusiones 47</subfield>
  </datafield>
  <datafield tag="506" ind1="0" ind2=" ">
    <subfield code="a">Open Access</subfield>
  </datafield>
  <datafield tag="650" ind1=" " ind2="7">
    <subfield code="a">Inteligencia artificial</subfield>
    <subfield code="2">ARMARC</subfield>
    <subfield code="9">34332</subfield>
    <subfield code="x">Aplicaciones educativas</subfield>
  </datafield>
  <datafield tag="650" ind1=" " ind2="7">
    <subfield code="a">Tecnolog&#xED;a educativa</subfield>
    <subfield code="2">ARMARC</subfield>
    <subfield code="9">38357</subfield>
  </datafield>
  <datafield tag="650" ind1=" " ind2="7">
    <subfield code="a">Personal docente</subfield>
    <subfield code="2">ARMARC</subfield>
    <subfield code="9">36469</subfield>
    <subfield code="x">Formaci&#xF3;n profesional</subfield>
  </datafield>
  <datafield tag="700" ind1=" " ind2=" ">
    <subfield code="a">Abella Garc&#xED;a, V&#xED;ctor </subfield>
    <subfield code="4">coord.</subfield>
    <subfield code="9">109472</subfield>
    <subfield code="e">coordiandor</subfield>
  </datafield>
  <datafield tag="856" ind1=" " ind2=" ">
    <subfield code="y">Acceso a Texto Completo</subfield>
    <subfield code="u">https://opacbiblioteca.intec.edu.do/opac-tmpl/files/recursoselectronicos/1737856452850.pdf</subfield>
  </datafield>
  <datafield tag="942" ind1=" " ind2=" ">
    <subfield code="c">E-BOOK</subfield>
    <subfield code="2">ddc</subfield>
  </datafield>
  <datafield tag="999" ind1=" " ind2=" ">
    <subfield code="c">13446</subfield>
    <subfield code="d">13446</subfield>
  </datafield>
  <datafield tag="952" ind1=" " ind2=" ">
    <subfield code="0">0</subfield>
    <subfield code="1">0</subfield>
    <subfield code="2">ddc</subfield>
    <subfield code="4">0</subfield>
    <subfield code="7">0</subfield>
    <subfield code="a">IDEICE</subfield>
    <subfield code="b">IDEICE</subfield>
    <subfield code="d">2025-05-20</subfield>
    <subfield code="l">0</subfield>
    <subfield code="r">2025-05-20 12:29:07</subfield>
    <subfield code="u">https://opacbiblioteca.intec.edu.do/opac-tmpl/files/recursoselectronicos/1737856452850.pdf</subfield>
    <subfield code="w">2025-05-20</subfield>
    <subfield code="y">LIB</subfield>
  </datafield>
</record>
